000 00745nam a2200217Ia 4500
003 GCL
008 140319s9999 xx 000 0 ara d
040 _aGCL /
_cGCL
082 0 4 _a382.1
_bت د
100 1 _aتيسير عبدالجابر
245 1 0 _aدراسات فى التكامل الاقتصادى العربى /
_cتيسير عبدالجابر
260 _a[S.N] :
_bمعهد البحوث والدراسات العربية ،
_c1972
300 _a136
490 _a
650 0 4 _aالاقتصاد
650 0 4 _aالتكامل الاقتصادى
650 0 4 _aالاقتصاد الدولى
650 0 4 _aالتنمية الاقتصادية
650 0 4 _aالعلاقات الاقتصادية الدولية
942 _2ddc
_cBK
999 _c30803
_d30803